| 000 | 00467nam a2200169 a 4500 | ||
|---|---|---|---|
| 001 | 3819 | ||
| 005 | 20140414131922.0 | ||
| 008 | 061014s19uu xx 00 eng d | ||
| 050 |
_aER _bW72 1994 |
||
| 100 | _aGraham, Kenneth | ||
| 245 |
_aThe wind in the willows / _cby Kenneth Graham. |
||
| 260 |
_aLeicestershire, UK : _bLadybird Books, _c1997. |
||
| 300 | _a51 p. : ill. ; cm. | ||
| 440 | _aLadybird Classics | ||
| 650 | _aChildren stories. | ||
| 999 |
_c111815 _d111815 |
||